Arguing through literature : A thematic anthology and guide

সংরক্ষণ করুন:
গ্রন্থ-পঞ্জীর বিবরন
প্রধান লেখক: Ferster, Judith
বিন্যাস: গ্রন্থ
ভাষা:Undetermined
প্রকাশিত: Boston McGraw-Hill Higher Education 2005
বিষয়গুলি:
ট্যাগগুলো: ট্যাগ যুক্ত করুন
কোনো ট্যাগ নেই, প্রথমজন হিসাবে ট্যাগ করুন!
Thư viện lưu trữ: Trung tâm Học liệu Trường Đại học Cần Thơ
LEADER 00628nam a2200217Ia 4500
001 CTU_137641
008 210402s9999 xx 000 0 und d
020 |c 89.69 
082 |a 808.0668 
082 |b F399 
100 |a Ferster, Judith 
245 0 |a Arguing through literature : 
245 2 |b A thematic anthology and guide 
245 0 |c Judith Ferster 
260 |a Boston 
260 |b McGraw-Hill Higher Education 
260 |c 2005 
650 |a English language,Criticism,Tiếng Anh 
650 |x Rhetoric,Authorship,Tu từ học 
904 |i Giang 
980 |a Trung tâm Học liệu Trường Đại học Cần Thơ